000 00564nam a2200169Ia 4500
008 090201s9999 xx 000 0 und d
010 _aKPL-63375
040 _bमराठी
041 _aमराठी
082 _a2790
_b63375
100 _aद पां खांबेटे
245 _aअद्भुताच्या जगात
_cद पां खांबेटे
260 _c2004
_bसुवर्णा प्रकाशन
300 _a168
_bमोठा
600 _aअद्भुताच्या जगात
942 _cBOOK
999 _c203876
_d203876